| 000 | 00499nam a22001817a 4500 | ||
|---|---|---|---|
| 003 | CEME | ||
| 005 | 20210628205835.0 | ||
| 008 | 210317b xxu||||| |||| 00| 0 eng d | ||
| 020 | _a0-444-98896-3 | ||
| 040 | _c. | ||
| 082 | _a621.31042 TIM | ||
| 100 |
_aTimar, P.L _977210 |
||
| 245 | _aNoise and vibration of electrical machines | ||
| 260 |
_aAMSTERDAM _bELSEVIER _c1989 |
||
| 300 | _aXVI,339P | ||
| 650 |
_aELECTRICAL MACHINERY-VIBRATION ELECTRICAL MACHINERY-NOISE _977211 |
||
| 942 |
_cBK _2ddc |
||
| 999 |
_c582518 _d582518 |
||